000 01863cam a2200457 a 4500
999 _c28572
_d28543
001 12975387
003 EG-ScBUE
005 20200823101022.0
006 m||||fq||h 00| 0
008 021021t2003 njua f b 001 0 eng d
020 _a0471360899 (cloth)
020 _a9780471360896
040 _aDLC
_beng
_erda
_cDLC
_dDLC
_dEG-ScBUE
041 1 _aeng
_hfre
082 0 4 _a006
_bBUR
_222
100 1 _aBurdea, Grigore,
_eauthor.
240 1 0 _aRéalité virtuelle.
_lEnglish
245 1 0 _aVirtual reality technology /
_cGrigore Burdea, Rutgers-The State University of New Jersey, Philippe Coiffet, University of Versailles, France.
250 _aSecond edition.
264 1 _aHoboken, New Jersey :
_bJohn Wileu & Sons, Inc.,
_c[2003]
264 4 _cc2003
300 _axvi, 444 pages :
_billustrations ;
_c26 cm +
_e1 CD
336 _2rdacontent
_atext
_btxt
336 _asounds
_bsnd
_2rdacontent
337 _2rdamedia
_aunmediated
_bn
337 _aaudio
_bs
_2rdamedia
338 _2rdacarrier
_avolume
_bnc
338 _acomputer disc
_bcd
_2rdacarrier
504 _aIncludes bibliographical references and index.
650 7 _aHuman-computer interaction.
_2BUEsh
650 7 _aVirtual reality.
_2BUEsh
653 _bCOMSCI
_cJuly2020
655 _vReading book
_934232
700 1 _aCoiffet, Philippe,
_eauthor.
856 4 2 _3Contributor biographical information
_uhttp://www.loc.gov/catdir/bios/wiley046/2002038088.html
856 4 2 _3Publisher description
_uhttp://www.loc.gov/catdir/description/wiley039/2002038088.html
856 4 1 _3Table of contents
_uhttp://www.loc.gov/catdir/toc/wiley031/2002038088.html
906 _a7
_bcbc
_corignew
_d1
_eocip
_f20
_gy-gencatlg
942 _2ddc
_cBB